MARC

LEADER 00000nam0a2200000 4500
001 322417
005 20231102003455.0
035 |a (RuTPU)RU\TPU\book\347976 
090 |a 322417 
100 |a 20160927d1920 km y0rusy50 ca 
101 0 |a rus 
102 |a RU 
105 |a a z 000zy 
200 1 |a Электрификация Южного района  |f РСФСР, Совет народного хозяйства (СНХ), Научно-технический отдел 
210 |a Москва  |c [Б. и.]  |d 1920 
215 |a 46 с.  |c ил. 
606 1 |a Электрификация  |2 stltpush  |3 (RuTPU)RU\TPU\subj\26830  |9 50671 
610 1 |a Россия 
610 1 |a Юг России 
610 1 |a сельское хозяйство 
610 1 |a промышленность 
610 1 |a электроснабжение 
610 1 |a мощность 
610 1 |a энергоресурсные характеристики 
610 1 |a электрические станции 
610 1 |a планирование 
610 1 |a городские электростанции 
610 1 |a использование 
610 1 |a промышленные электрические сети 
610 1 |a топливо 
610 1 |a обеспечение 
610 1 |a оборудование 
610 1 |a смета 
610 1 |a планирование 
675 |a 621.311.1  |v 4 
712 0 1 |a РСФСР  |b Высший совет народного хозяйства (ВСНХ)  |b Научно-технический отдел  |c (1917-1932)  |2 stltpush  |3 (RuTPU)RU\TPU\col\20074 
801 1 |a RU  |b 63413507  |c 20160927 
801 2 |a RU  |b 63413507  |c 20161123  |g RCR 
942 |c BK